000 00331nam a2200145Ia 4500
100 _aMeadows/James D
942 _cRB
366 _f25
654 _adimensioning
245 _aGeometric dimensioning and tolerancing
260 _bMarcel Dekker
_c1995
082 _a620.0045
_bMEA
300 _a603
546 _aENGLISH
_cInfo.Tech
999 _c31948
_d31948